[Event "World Rapid Women 2022"]
[Site "Almaty KAZ"]
[Date "2022.12.28"]
[Round "10.5"]
[White "Shuvalova, Polina"]
[Black "Khotenashvili, Bela"]
[Result "1/2-1/2"]
[WhiteTitle "IM"]
[BlackTitle "GM"]
[WhiteElo "2502"]
[BlackElo "2485"]
[WhiteFideId "24171760"]
[BlackFideId "13602640"]
[EventDate "2022.12.26"]

1. d4 g6 2. e4 Bg7 3. Nc3 d6 4. Nf3 c6 5. Be3 b5 6. Bd3 Bb7 7. h4 h6 8. e5 Na6
9. Qd2 Nc7 10. O-O-O d5 11. h5 g5 12. Nh2 Ne6 13. Ne2 Qb6 14. Kb1 b4 15. Ng4 Bc8
16. f3 a5 17. Rc1 Bd7 18. c4 bxc3 19. Rxc3 a4 20. Rhc1 Nc7 21. Ka1 Ra7 22. g3 f5
23. e6 fxg4 24. exd7+ Kxd7 25. f4 Nf6 26. Qc2 Rb8 27. Rxc6 Qb7 28. a3 Ne4 29.
fxg5 hxg5 30. h6 Bf6 31. h7 Ne6 32. Bxe4 dxe4 33. Rc4 Qb3 34. Qd2 Rab7 35. R1c2
Nc7 36. R4c3 Qb5 37. Rc5 Qd3 38. Bxg5 Qxd2 39. Rxd2 Rh8 40. Bxf6 exf6 41. Rh5
Ne6 42. Nc3 Ng5 43. Nxa4 Kd6 44. Rf2 Rf7 45. Nc3 e3 46. Re2 Re7 47. Rh6 Nxh7 48.
Nd1 Rhe8 49. Ka2 Kd5 50. Rg6 f5 51. Nc3+ Kxd4 52. Rd6+ Ke5 53. Rd3 f4 54. Rd5+
Kf6 55. gxf4 g3 56. Rd1 Kf5 57. Rf1 Nf6 58. Rg2 Kg4 59. Ne2 Ne4 60. Rfg1 Rd8 61.
Nxg3 Nxg3 62. Rxg3+ Kxf4 63. Rg4+ Kf3 64. R4g3+ Kf2 65. R3g2+ Kf3 66. Rg3+ Kf4
67. Rg4+ Kf3 68. R4g3+ 1/2-1/2

[Event "World Rapid Women 2022"]
[Site "Almaty KAZ"]
[Date "2022.12.28"]
[Round "10.6"]
[White "Danielian, Elina"]
[Black "Gunina, Valentina"]
[Result "0-1"]
[WhiteTitle "GM"]
[BlackTitle "GM"]
[WhiteElo "2431"]
[BlackElo "2476"]
[WhiteFideId "13300210"]
[BlackFideId "4167570"]
[EventDate "2022.12.26"]

1. d4 d5 2. Nf3 Nf6 3. c4 c6 4. e3 Bg4 5. h3 Bxf3 6. Qxf3 e6 7. Nc3 Bb4 8. Bd2
Nbd7 9. Qd1 O-O 10. Qb3 Qe7 11. a3 Bxc3 12. Bxc3 Ne4 13. Bd3 a5 14. O-O Ndf6 15.
Qc2 Rfc8 16. c5 Qc7 17. Be1 h5 18. Qe2 b6 19. f3 Ng3 20. Bxg3 Qxg3 21. cxb6 Rcb8
22. Rac1 Rxb6 23. f4 Rab8 24. Rc2 Rb3 25. Rf3 Qh4 26. Kh2 Ng4+ 27. Kg1 Nh6 28.
Rxc6 g6 29. Rc2 Kg7 30. Kh2 Qe7 31. e4 dxe4 32. Bxe4 Qh4 33. d5 Rxf3 34. Bxf3
Qxf4+ 35. g3 Qg5 36. dxe6 h4 37. g4 Qf4+ 38. Kh1 fxe6 39. Rc4 Qg3 40. Bg2 Nf7
41. Rc3 Qf4 42. Rc4 Qf6 43. b4 Qa1+ 44. Kh2 Qxa3 45. Re4 Qg3+ 46. Kh1 Rxb4 47.
Rxb4 axb4 48. Qb2+ Qc3 49. Qf2 b3 50. Qxh4 Qe3 51. g5 b2 52. Be4 Nxg5 0-1

[Event "World Rapid Women 2022"]
[Site "Almaty KAZ"]
[Date "2022.12.28"]
[Round "10.7"]
[White "Batsiashvili, Nino"]
[Black "Munkhzul, Turmunkh"]
[Result "1-0"]
[WhiteTitle "GM"]
[BlackTitle "WIM"]
[WhiteElo "2493"]
[BlackElo "2318"]
[WhiteFideId "13602993"]
[BlackFideId "4901878"]
[EventDate "2022.12.26"]

1. d4 Nf6 2. Nf3 g6 3. Bg5 Bg7 4. Nbd2 O-O 5. c3 d6 6. e4 c5 7. dxc5 dxc5 8. Bc4
Nc6 9. O-O Qc7 10. Qe2 h6 11. Bxf6 exf6 12. Nh4 Ne7 13. f4 Bd7 14. f5 Kh7 15. g3
g5 16. Ng2 Nc6 17. Ne3 Rae8 18. Bd5 Ne5 19. Nf3 Bc6 20. Nxe5 Bxd5 21. exd5 Rxe5
22. Qf3 Rfe8 23. Ng4 Re2 24. Rf2 R2e4 25. Rd2 Qd6 26. Nf2 Re3 27. Qg4 b5 28. a4
a6 29. axb5 axb5 30. Ra7 R8e7 31. Rxe7 Rxe7 32. Kg2 Bf8 33. Ne4 Qe5 34. Nxc5 Rc7
35. Nb3 Kg7 36. Qf3 h5 37. Qxh5 Qxf5 38. Qf3 Qe5 39. Nd4 b4 40. Re2 bxc3 41.
bxc3 Rxc3 42. Qxc3 Qxd5+ 43. Kg1 Bc5 44. Rd2 Bb6 45. Qd3 g4 46. Qe3 Qc5 47. Qf4
f5 48. Kf1 Qc4+ 49. Ne2 Qb5 50. Qg5+ Kf8 51. Qh6+ Kg8 52. Qg5+ Kf8 53. Rd8+ Bxd8
54. Qxd8+ Kg7 55. Qd4+ Kg8 56. Kf2 Qa5 57. Ke3 Qc7 58. Qd5 Qe7+ 59. Kf2 Qa7+ 60.
Nd4 Qb6 61. Ke3 Qh6+ 62. Kd3 Qa6+ 63. Qb5 Qa3+ 64. Kc4 Qa2+ 65. Kc3 Qa1+ 66. Qb2
Qa5+ 67. Kd3 Qe5 68. Qf2 Qe4+ 69. Kc3 Qa8 70. Qxf5 Qa1+ 71. Kd3 Qd1+ 72. Ke3
Qg1+ 73. Ke4 Qb1+ 74. Kf4 Qc1+ 75. Kxg4 Qd1+ 76. Nf3 Qa4+ 77. Kh3 Qd1 78. Ne5
Qd5 79. Qxf7+ 1-0

[Event "World Rapid Women 2022"]
[Site "Almaty KAZ"]
[Date "2022.12.28"]
[Round "10.8"]
[White "Maltsevskaya, Aleksandra"]
[Black "Mammadova, Gulnar"]
[Result "1/2-1/2"]
[WhiteTitle "IM"]
[BlackTitle "IM"]
[WhiteElo "2400"]
[BlackElo "2376"]
[WhiteFideId "24174041"]
[BlackFideId "13403508"]
[EventDate "2022.12.26"]

1. e4 e6 2. d4 d5 3. Nd2 c5 4. Ngf3 cxd4 5. Nxd4 Nf6 6. exd5 Nxd5 7. N2f3 Bb4+
8. Bd2 Bc5 9. c3 O-O 10. Be2 Nc6 11. Nxc6 bxc6 12. O-O a5 13. c4 Nf6 14. Qc2 Qc7
15. Bc3 Bd6 16. Rad1 c5 17. Bxf6 gxf6 18. Qe4 f5 19. Qxa8 Bb7 20. Qxb7 Qxb7 21.
Rxd6 Qxb2 22. Rd2 Qc3 23. Rfd1 Kg7 24. g3 Rb8 25. Kf1 a4 26. Rd3 Qc2 27. R1d2
Qxc4 28. Rb3 Qc1+ 29. Rd1 Qxd1+ 30. Bxd1 axb3 31. Bxb3 Kf6 32. Ke2 Rd8 33. a4
Rb8 34. Nd2 Rb4 35. Kd3 h5 36. Kc3 Ke7 37. a5 Kd7 38. Nc4 Kc7 39. Ne5 Rb5 40. a6
Ra5 41. Bc4 f6 42. Nd3 e5 43. Kb3 Kb6 44. Ne1 Ra1 45. Nc2 Rb1+ 46. Kc3 Rh1 47.
h4 f4 48. Kd3 Rh2 49. gxf4 exf4 50. Ne1 Rxf2 51. Ke4 Rh2 52. Nd3 Rc2 53. Bf7
Kxa6 54. Bxh5 Kb6 55. Bg6 Rh2 56. h5 c4 57. Nxf4 c3 58. Nd5+ Kc5 59. Nxc3 Kd6
60. Kf4 Ke6 61. Ne4 Rh4+ 62. Kf3 f5 63. Ng3 Ke5 64. Ne2 Kf6 65. Kg3 Rg4+ 66. Kf3
Kg5 67. Ng3 Rf4+ 68. Ke3 Rh4 1/2-1/2

[Event "World Rapid Women 2022"]
[Site "Almaty KAZ"]
[Date "2022.12.28"]
[Round "10.9"]
[White "Garifullina, Leya"]
[Black "Bivol, Alina"]
[Result "1/2-1/2"]
[WhiteTitle "IM"]
[BlackTitle "IM"]
[WhiteElo "2357"]
[BlackElo "2364"]
[WhiteFideId "34127035"]
[BlackFideId "4100123"]
[EventDate "2022.12.26"]

1. e4 d5 2. exd5 Qxd5 3. Nc3 Qe5+ 4. Be2 Bg4 5. d4 Bxe2 6. Ngxe2 Qa5 7. O-O Nf6
8. b4 Qh5 9. Qd3 c6 10. Nf4 Qg4 11. b5 g5 12. Nfe2 h6 13. a4 e6 14. f4 gxf4 15.
h3 Qg7 16. Bxf4 Nbd7 17. bxc6 bxc6 18. Qa6 Be7 19. Rf3 Qh7 20. Qxc6 O-O 21. Raf1
Kh8 22. Be5 Nxe5 23. dxe5 Ng8 24. Qa6 Rac8 25. Qd3 Qxd3 26. cxd3 f5 27. exf6
Nxf6 28. Nb5 Nd5 29. Rxf8+ Bxf8 30. Nbd4 Bc5 31. Kh2 Nc3 32. Rc1 Nxe2 33. Nxe2
Bd6+ 34. Kg1 Rd8 35. Kf2 Kg7 36. Ke3 Kf7 37. d4 h5 38. Rb1 Rd7 39. g4 hxg4 40.
hxg4 a5 41. Rb5 Bb4 42. Nf4 Bc3 43. d5 exd5 44. Nxd5 Be1 45. Ke2 Bg3 46. Rxa5
Ke6 47. Ne3 Rd4 48. Ra6+ Ke5 49. Kf3 Bf4 50. Ra5+ Ke6 51. Nf5 Rb4 52. Ra8 Be5
53. Ra6+ Kd7 54. Nh6 Rf4+ 55. Ke3 Rb4 56. Nf7 Bf4+ 57. Kf3 Ke7 58. Ra7+ Kf6 59.
Nd8 Bb8 60. Rb7 Rf4+ 61. Ke3 Rxa4 62. Rxb8 Rxg4 63. Rb6+ Kf5 64. Rb5+ Kf6 65.
Nc6 Ra4 66. Nd4 Ra8 67. Kf4 Ra1 68. Rb6+ Ke7 69. Ke5 Re1+ 70. Kd5 Rd1 71. Re6+
Kf7 72. Re4 Rd2 73. Ke5 Ke7 74. Rh4 Kf7 75. Rh7+ Kg6 76. Rh8 Rd1 77. Nf3 Rf1 78.
Rh3 Ra1 79. Rg3+ Kf7 80. Kf5 Rf1 81. Ke5 Rf2 82. Ng5+ Kf8 83. Ra3 Re2+ 84. Kf6
Ke8 85. Ra7 Rf2+ 86. Ke5 Re2+ 87. Ne4 Re1 88. Kd5 Kf8 89. Rb7 Rd1+ 90. Ke5 Re1
91. Kf5 Rf1+ 92. Kg6 Rg1+ 93. Ng5 Ke8 94. Rg7 Rf1 95. Ra7 Rg1 96. Kf5 Rf1+ 97.
Ke5 Re1+ 98. Ne4 Kf8 99. Kf5 Rf1+ 100. Ke6 Re1 101. Rf7+ Ke8 102. Rf4 Kd8 103.
Kd6 Rd1+ 104. Kc6 Ke7 1/2-1/2

[Event "World Rapid Women 2022"]
[Site "Almaty KAZ"]
[Date "2022.12.28"]
[Round "10.10"]
[White "Buksa, Nataliya"]
[Black "Dzagnidze, Nana"]
[Result "0-1"]
[WhiteTitle "IM"]
[BlackTitle "GM"]
[WhiteElo "2405"]
[BlackElo "2517"]
[WhiteFideId "14123622"]
[BlackFideId "13601903"]
[EventDate "2022.12.26"]

1. e4 c5 2. Nf3 d6 3. Bb5+ Nd7 4. d4 cxd4 5. Qxd4 a6 6. Bxd7+ Bxd7 7. O-O Nf6 8.
e5 dxe5 9. Nxe5 Bf5 10. Qf4 e6 11. Nd2 Bd6 12. Ndf3 Qc7 13. Qe3 O-O 14. Bd2 Ne4
15. Bc3 Nxc3 16. bxc3 Bxc2 17. Rac1 Bf5 18. c4 Rac8 19. Rfe1 f6 20. Nd3 e5 21.
c5 Bxd3 22. Qxd3 Bxc5 23. Qd5+ Kh8 24. Nh4 Qc6 25. Qd3 Qd6 26. Qh3 f5 27. Nxf5
Bxf2+ 28. Kxf2 Rxc1 29. Re2 g6 30. g4 gxf5 0-1

[Event "World Rapid Women 2022"]
[Site "Almaty KAZ"]
[Date "2022.12.28"]
[Round "10.11"]
[White "Harika, Dronavalli"]
[Black "Girya, Olga"]
[Result "1/2-1/2"]
[WhiteTitle "GM"]
[BlackTitle "GM"]
[WhiteElo "2507"]
[BlackElo "2398"]
[WhiteFideId "5015197"]
[BlackFideId "4195752"]
[EventDate "2022.12.26"]

1. g3 d5 2. Bg2 e5 3. d3 Nf6 4. Nd2 c6 5. Ngf3 Bd6 6. e4 O-O 7. O-O Re8 8. h3
Nbd7 9. Nh4 Nc5 10. Qe2 a5 11. a3 a4 12. Re1 b6 13. Nf1 Ba6 14. Qf3 Ne6 15. Nf5
dxe4 16. dxe4 Bf8 17. c3 Qc7 18. h4 Nd7 19. Nh2 Ndc5 20. Bf1 Bxf1 21. Rxf1 Nb3
22. Rb1 Nxc1 23. Rbxc1 Red8 24. Rcd1 Rxd1 25. Rxd1 Rd8 26. Ng4 h5 27. Rxd8 Nxd8
28. Nh2 g6 29. Ne3 Qe7 30. Qd1 b5 31. c4 Qd6 32. cxb5 cxb5 33. Nf3 Nc6 34. Nd5
Kg7 35. Kg2 f6 36. Qd3 b4 37. Qa6 bxa3 38. bxa3 Nd8 39. Qxa4 Qxa3 40. Qd7+ Nf7
41. Nc7 Qe7 42. Qc6 Nd8 43. Qc4 Qd7 44. Nd5 Nc6 45. Qb5 Qe6 46. Qb7+ Ne7 47. Qa7
Kg8 48. Qa8 Kf7 49. Nd2 Nxd5 50. exd5 Qd7 51. Ne4 f5 52. Ng5+ Ke7 53. Ne6 Bh6
54. Nc5 Qd6 55. Qb7+ Ke8 56. Qc8+ Ke7 57. Qb7+ Ke8 58. Ne6 f4 59. Qc8+ Ke7 60.
Qb7+ Qd7 61. Qb4+ Qd6 62. Qe4 fxg3 63. fxg3 Bd2 64. Kh3 Bc3 65. Qc4 Bd4 66. Qb3
Qd7 67. Kg2 Qc8 68. Qa3+ Kf6 69. Qf3+ Ke7 70. Ng5 Qc2+ 71. Kh3 Qf5+ 72. Qxf5
gxf5 73. Ne6 Kd6 74. Ng7 e4 75. Nxf5+ Kxd5 76. Kg2 Bf6 77. Kf2 Ke5 78. Ne3 Be7
79. Ke2 Bc5 80. Ng2 Kf5 81. Nf4 Kg4 82. Ne6 Ba7 83. Ng5 e3 84. Ne4 Bb6 85. Nf6+
Kxg3 86. Nxh5+ Kxh4 87. Nf4 1/2-1/2

[Event "World Rapid Women 2022"]
[Site "Almaty KAZ"]
[Date "2022.12.28"]
[Round "10.12"]
[White "Sultanbek, Zeinep"]
[Black "Stefanova, Antoaneta"]
[Result "1/2-1/2"]
[WhiteTitle "WIM"]
[BlackTitle "GM"]
[WhiteElo "1891"]
[BlackElo "2442"]
[WhiteFideId "13710419"]
[BlackFideId "2902257"]
[EventDate "2022.12.26"]

1. Nf3 d5 2. c4 c6 3. d4 Nf6 4. Nc3 a6 5. c5 Nbd7 6. Bf4 Nh5 7. Bd2 Nhf6 8. Bf4
g6 9. h3 Bg7 10. e3 O-O 11. Bd3 b6 12. cxb6 Qxb6 13. Qd2 c5 14. Na4 Qa7 15. Nxc5
Nxc5 16. dxc5 Qxc5 17. Rc1 Qb6 18. O-O Ne4 19. Bxe4 dxe4 20. Ne5 Qe6 21. Rc6
Qxa2 22. Rfc1 Bf5 23. Rc7 Rfe8 24. Qb4 a5 25. Qb7 Reb8 26. Qc6 Qe6 27. g4 Bxe5
28. Qxe6 Bxe6 29. Bxe5 Kf8 30. Bd4 Rd8 31. Bc5 Rd7 32. Ba3 a4 33. Rxd7 Bxd7 34.
Rc7 Ke8 35. Kh2 f6 36. Kg3 Ra5 37. Rc4 Re5 38. h4 h5 39. gxh5 gxh5 40. Kf4 Rf5+
41. Kg3 Rf3+ 42. Kg2 Rf5 43. Kg3 Rf3+ 44. Kg2 Rf5 45. Kg3 Re5 46. Kf4 Rf5+ 1/2-1/2

[Event "World Rapid Women 2022"]
[Site "Almaty KAZ"]
[Date "2022.12.28"]
[Round "10.13"]
[White "Charochkina, Daria"]
[Black "Ushenina, Anna"]
[Result "1-0"]
[WhiteTitle "IM"]
[BlackTitle "GM"]
[WhiteElo "2344"]
[BlackElo "2454"]
[WhiteFideId "4180917"]
[BlackFideId "14110911"]
[EventDate "2022.12.26"]

1. d4 d5 2. c4 e6 3. Nc3 Be7 4. cxd5 exd5 5. Bf4 Nf6 6. e3 Bf5 7. Nge2 c6 8. Ng3
Bg6 9. Bd3 Nbd7 10. Nf5 Bxf5 11. Bxf5 g6 12. Bh3 Nh5 13. Bh6 Bf8 14. Bxf8 Kxf8
15. Qb3 Nb6 16. a4 a5 17. O-O Nf6 18. f3 Kg7 19. e4 dxe4 20. fxe4 Qxd4+ 21. Kh1
Qb4 22. Qc2 Rhf8 23. Qf2 Ng8 24. Na2 Qb3 25. Qd4+ f6 26. Rf3 Qxa4 27. Qxb6 Rad8
28. Rff1 Qxe4 29. Qxb7+ Rf7 30. Qb6 Rd2 31. Nc3 Qd4 32. Qxc6 Rxb2 33. Rfd1 Qa7
34. Nd5 Ne7 35. Qc3 Qb7 36. Nc7 Nf5 37. Ne8+ Kf8 38. Nxf6 Rc7 39. Nxh7+ Rxh7 40.
Qf6+ 1-0

[Event "World Rapid Women 2022"]
[Site "Almaty KAZ"]
[Date "2022.12.28"]
[Round "10.14"]
[White "Injac, Teodora"]
[Black "Voit, Daria"]
[Result "1-0"]
[WhiteTitle "WGM"]
[BlackTitle "WGM"]
[WhiteElo "2365"]
[BlackElo "2347"]
[WhiteFideId "932400"]
[BlackFideId "4182146"]
[EventDate "2022.12.26"]

1. Nf3 d5 2. g3 Nd7 3. d4 Ngf6 4. c4 dxc4 5. Na3 a6 6. Bg2 e6 7. Nxc4 b5 8. Nce5
Bb7 9. Nxf7 Bxf3 10. Nxd8 Bxg2 11. Nxe6 Bxh1 12. Nxc7+ Kf7 13. Qb3+ Kg6 14. Nxa8
Bxa8 15. f3 Bd6 16. Bd2 Bd5 17. Qc2+ Kf7 18. b3 Re8 19. Kf2 Kg8 20. Re1 Bb7 21.
Qf5 Rf8 22. Kg1 Bb8 23. e4 Ba7 24. Be3 Rf7 25. Qe6 Nf8 26. Qh3 N6d7 27. Qg2 Bb8
28. Qe2 h6 29. d5 Ne5 30. f4 Ned7 31. Bd4 Re7 32. Qf2 Nh7 33. Bc5 Re8 34. Ba7
Bc7 35. Rc1 Ba5 36. b4 Bd8 37. Qd4 Nhf6 38. e5 Nxd5 39. a3 N7b6 40. Rc5 Ne7 41.
Kf1 Nf5 42. Qd3 Rf8 43. e6 Ne7 44. Bb8 Nbd5 45. Bd6 Bb6 46. Rxd5 Bxd5 47. Ke1
Bc4 48. Qf3 Re8 49. Qb7 Nc8 50. Qf7+ Kh7 51. Qxe8 Nxd6 52. Qd7 Ne4 53. e7 Bf2+
54. Kd1 Bb3+ 55. Ke2 1-0

[Event "World Rapid Women 2022"]
[Site "Almaty KAZ"]
[Date "2022.12.28"]
[Round "10.15"]
[White "Mammadzada, Gunay"]
[Black "Omonova, Umida"]
[Result "1-0"]
[WhiteTitle "IM"]
[BlackTitle "WFM"]
[WhiteElo "2472"]
[BlackElo "2052"]
[WhiteFideId "13403729"]
[BlackFideId "14210363"]
[EventDate "2022.12.26"]

1. e4 c5 2. Nf3 Nc6 3. d4 cxd4 4. Nxd4 g6 5. c4 Nf6 6. Nc3 d6 7. Be2 Nxd4 8.
Qxd4 Bg7 9. Be3 O-O 10. Qd2 a5 11. O-O a4 12. f4 Qa5 13. Rad1 Be6 14. Bd4 Qb4
15. a3 Qa5 16. Qe3 Qc7 17. Bb6 Qc6 18. Nd5 Bxd5 19. exd5 Qd7 20. h3 Rfe8 21. Qd3
Rac8 22. f5 e5 23. dxe6 fxe6 24. fxg6 hxg6 25. Qxg6 Rf8 26. Bd3 Qe8 27. Qg3 Rc6
28. Be3 Qh5 29. Bg6 Qe5 30. Bf4 Qxb2 31. Bxd6 Rfc8 32. Be5 Nh5 33. Bf7+ Kh8 34.
Qxg7+ Nxg7 35. Bxb2 Rb6 36. Bd4 1-0

[Event "World Rapid Women 2022"]
[Site "Almaty KAZ"]
[Date "2022.12.28"]
[Round "10.16"]
[White "Kairbekova, Amina"]
[Black "Lagno, Kateryna"]
[Result "1/2-1/2"]
[WhiteTitle "WIM"]
[BlackTitle "GM"]
[WhiteElo "2209"]
[BlackElo "2563"]
[WhiteFideId "13712799"]
[BlackFideId "14109336"]
[EventDate "2022.12.26"]

1. e4 e5 2. Nf3 Nc6 3. Bb5 a6 4. Ba4 Nf6 5. O-O b5 6. Bb3 Bc5 7. a4 Rb8 8. c3 d6
9. d4 Bb6 10. axb5 axb5 11. Qd3 exd4 12. cxd4 O-O 13. Bg5 h6 14. Bh4 g5 15. Bg3
Nh5 16. Kh1 Kg7 17. d5 Ne7 18. Nd4 Bd7 19. Bd1 Nxg3+ 20. fxg3 Ng6 21. b4 Ne5 22.
Qc3 Qe7 23. Na3 c5 24. dxc6 Bxd4 25. Qxd4 Bxc6 26. Nc2 Kh7 27. Ne3 Ng6 28. Ng4
Ne5 29. Ne3 Ng6 30. Ng4 Ne5 31. Rf6 Nxg4 32. Bxg4 Bxe4 33. Re1 d5 34. Bf5+ Kg8
35. Rxh6 f6 36. Rg6+ Kh8 37. Rh6+ Kg8 38. Rg6+ Kh8 39. Bxe4 dxe4 40. Rxg5 Rbd8
41. Rh5+ Kg8 42. Rd5 f5 43. h4 Kh7 44. Rc1 Rxd5 45. Qxd5 e3 46. Qxb5 Qd6 47.
Qb7+ Kh8 48. Rc6 Qd1+ 49. Kh2 Qh5 50. Qb6 Qe8 51. Re6 e2 52. Qd4+ Kg8 53. Qd5
Qf7 54. Rg6+ Kh7 55. Qxf7+ Rxf7 56. Re6 Rb7 57. Rxe2 Rxb4 58. Re6 Kg7 59. h5 Kf7
60. Ra6 Rg4 61. Kh3 Rg5 62. Kh4 Rg4+ 63. Kh3 Rg5 64. Ra7+ Kf6 65. Rh7 Rg4 66.
Kh2 Kg5 67. Kh3 Ra4 68. Rh8 Ra1 69. Kh2 Ra6 70. h6 Kg6 71. Kh3 Ra4 72. Rf8 Ra5
73. Rh8 Ra1 74. g4 Ra3+ 75. Kh4 Ra4 76. Rg8+ Kxh6 77. Rg5 fxg4 78. Rxg4 Ra1 79.
Rc4 Ra5 80. Rc6+ Kg7 81. g4 Rb5 82. Ra6 Rc5 83. Kg3 Rb5 84. Kf4 Rc5 85. Kg3 Rb5
86. Rc6 Ra5 87. Kh4 Rb5 88. g5 Rb1 89. Rc7+ Kg6 90. Rc6+ Kg7 91. Rc3 Kg6 92.
Rc6+ Kg7 1/2-1/2

[Event "World Rapid Women 2022"]
[Site "Almaty KAZ"]
[Date "2022.12.28"]
[Round "10.17"]
[White "Assaubayeva, Bibisara"]
[Black "Ovod, Evgenija"]
[Result "1-0"]
[WhiteTitle "IM"]
[BlackTitle "IM"]
[WhiteElo "2440"]
[BlackElo "2323"]
[WhiteFideId "13708694"]
[BlackFideId "4131827"]
[EventDate "2022.12.26"]

1. d4 d5 2. c4 e6 3. Nc3 Nf6 4. cxd5 exd5 5. Bg5 Be7 6. e3 Nbd7 7. Bd3 Nf8 8.
Qc2 Ne6 9. Bh4 g6 10. Nge2 Ng7 11. f3 O-O 12. O-O-O Nf5 13. Bf2 c5 14. g4 cxd4
15. gxf5 dxc3 16. Nxc3 d4 17. exd4 Nd5 18. fxg6 Bg5+ 19. Kb1 Nb4 20. gxh7+ Kh8
21. Qb3 Nxd3 22. Rxd3 Bf5 23. Ne4 Rc8 24. d5 Re8 25. Bd4+ Kxh7 26. d6 Re6 27.
Qd5 Kg6 28. Rg1 f6 29. h4 Bxe4 30. fxe4 Rxd6 31. Qf5+ Kf7 32. Bxf6 Bxf6 33. Rxd6
Qxd6 34. Qxc8 Qb6 35. Qg8+ Ke7 36. Rg2 Qb5 37. Qh7+ Kd6 38. Rd2+ 1-0

[Event "World Rapid Women 2022"]
[Site "Almaty KAZ"]
[Date "2022.12.28"]
[Round "10.18"]
[White "Arabidze, Meri"]
[Black "Hajiyeva, Laman"]
[Result "1-0"]
[WhiteTitle "IM"]
[BlackTitle "WFM"]
[WhiteElo "2427"]
[BlackElo "2135"]
[WhiteFideId "13604040"]
[BlackFideId "13415875"]
[EventDate "2022.12.26"]

1. d4 d5 2. c4 c6 3. Nf3 Nf6 4. g3 g6 5. Bg2 Bg7 6. O-O O-O 7. a4 Be6 8. Nc3
dxc4 9. Ng5 Bg4 10. h3 Bc8 11. a5 Na6 12. e4 b5 13. axb6 axb6 14. d5 h6 15. Nf3
cxd5 16. e5 Nd7 17. Nxd5 Ndc5 18. Bf4 Be6 19. Nc3 Nd3 20. Be3 Nac5 21. Rxa8 Qxa8
22. Nd4 Qc8 23. Nc6 Re8 24. f4 Bxh3 25. Nd5 Kf8 26. Nxb6 Qa6 27. Bxh3 Qxb6 28.
Bg2 Qxb2 29. f5 gxf5 30. Rxf5 e6 31. Rf1 Nd7 32. Bd4 Qb5 33. Qf3 N7xe5 34. Nxe5
Nxe5 35. Bxe5 f5 36. Bxg7+ Kxg7 37. Qc3+ Kg6 38. Kh2 h5 39. Rf4 Rc8 40. Rh4 Qb3
41. Qe5 c3 42. Bf3 Kf7 43. Bxh5+ Ke7 44. Bd1 Qa2+ 45. Kh3 Kd7 46. Rh7+ Kc6 47.
Bf3+ 1-0

[Event "World Rapid Women 2022"]
[Site "Almaty KAZ"]
[Date "2022.12.28"]
[Round "10.19"]
[White "Nurmanova, Alua"]
[Black "Tania, Sachdev"]
[Result "1-0"]
[WhiteTitle "WIM"]
[BlackTitle "IM"]
[WhiteElo "2191"]
[BlackElo "2389"]
[WhiteFideId "13729390"]
[BlackFideId "5007844"]
[EventDate "2022.12.26"]

1. e4 e5 2. Nf3 Nc6 3. d4 exd4 4. Nxd4 Nf6 5. Nxc6 bxc6 6. e5 Qe7 7. Qe2 Nd5 8.
h4 Qe6 9. g3 Bc5 10. c4 Bb4+ 11. Nd2 Nb6 12. a3 Bxd2+ 13. Bxd2 O-O 14. b3 Re8
15. Bc3 d6 16. Bh3 Qe7 17. Bg2 Bd7 18. f4 dxe5 19. fxe5 Qc5 20. Qe4 Bf5 21. Qd4
Qxd4 22. Bxd4 Rad8 23. O-O-O Bd7 24. Rhe1 Nc8 25. Bc5 f6 26. e6 1-0

[Event "World Rapid Women 2022"]
[Site "Almaty KAZ"]
[Date "2022.12.28"]
[Round "10.20"]
[White "Balajayeva, Khanim"]
[Black "Schulze, Lara"]
[Result "1-0"]
[WhiteTitle "WGM"]
[BlackTitle "FM"]
[WhiteElo "2379"]
[BlackElo "2284"]
[WhiteFideId "13406396"]
[BlackFideId "12956830"]
[EventDate "2022.12.26"]

1. e4 c5 2. c3 d5 3. exd5 Qxd5 4. d4 Nf6 5. Nf3 Bf5 6. Be3 cxd4 7. Nxd4 Nc6 8.
Nxf5 Qxf5 9. Bd3 Qd5 10. O-O O-O-O 11. Be2 Qxd1 12. Rxd1 Rxd1+ 13. Bxd1 Nd5 14.
Bd2 e6 15. a4 Bd6 16. Na3 Rd8 17. Nc4 Bc7 18. Bc2 Ne5 19. Nxe5 Bxe5 20. Rd1 h6
21. g3 Kc7 22. Kf1 Nb6 23. Ke2 Nc4 24. Bc1 Rxd1 25. Bxd1 a6 26. Kd3 b5 27. axb5
axb5 28. b3 Nb6 29. Bf3 Nd7 30. Be3 Bd6 31. Bh5 g6 32. Be2 h5 33. Kc2 Kc6 34.
Bf3+ Kc7 35. Be2 Kc6 36. h4 Ne5 37. Bd4 Ng4 38. Bf3+ Kc7 39. c4 bxc4 40. bxc4 e5
41. Ba7 Nf6 42. Kc3 e4 43. Bg2 Be5+ 44. Kb4 Kb7 45. Be3 Kc6 46. Bg5 Bd4 47. Bxf6
Bxf6 48. Bxe4+ Kd6 49. c5+ Ke5 50. Bf3 Bd8 51. Kb5 f5 52. Kc6 Ke6 53. Bd5+ Ke7
54. Kb7 Ba5 55. c6 Kd6 56. Bf7 f4 57. gxf4 Bd8 58. Bxg6 Ba5 59. Bxh5 Bd8 60. f5
Kd5 1-0

[Event "World Rapid Women 2022"]
[Site "Almaty KAZ"]
[Date "2022.12.28"]
[Round "10.21"]
[White "Javakhishvili, Lela"]
[Black "Nurgaliyeva, Zarina"]
[Result "0-1"]
[WhiteTitle "IM"]
[BlackTitle "WFM"]
[WhiteElo "2440"]
[BlackElo "2013"]
[WhiteFideId "13601458"]
[BlackFideId "13730096"]
[EventDate "2022.12.26"]

1. d4 Nf6 2. c4 e6 3. Nf3 d5 4. Nc3 dxc4 5. e3 a6 6. a4 b6 7. Bxc4 Bb7 8. O-O
Nbd7 9. Qe2 c5 10. Rd1 Be7 11. dxc5 Bxc5 12. e4 Qb8 13. h3 O-O 14. Bg5 h6 15.
Bh4 g5 16. b4 Bd6 17. Rxd6 Qxd6 18. Bg3 Qxb4 19. Na2 Qxa4 20. Nd2 Rac8 21. Bd6
Nxe4 22. Bxf8 Nxf8 23. Nxe4 Bxe4 24. Qxe4 Qxc4 25. Qb7 Qd4 26. Rf1 Rc2 27. Qxa6
Qd2 28. Qxb6 Rxa2 29. Qc5 Rc2 0-1

[Event "World Rapid Women 2022"]
[Site "Almaty KAZ"]
[Date "2022.12.28"]
[Round "10.22"]
[White "Muminova, Nafisa"]
[Black "Khademalsharieh, Sarasadat"]
[Result "0-1"]
[WhiteTitle "WGM"]
[BlackTitle "IM"]
[WhiteElo "2274"]
[BlackElo "2490"]
[WhiteFideId "14201526"]
[BlackFideId "12512214"]
[EventDate "2022.12.26"]

1. e4 e5 2. Nf3 Nc6 3. d4 exd4 4. Nxd4 Nf6 5. Nxc6 bxc6 6. e5 Qe7 7. Qe2 Nd5 8.
h4 Qe6 9. c4 Nb6 10. Nd2 d6 11. Nf3 dxe5 12. Bd2 f6 13. Qe4 Bd7 14. O-O-O c5 15.
h5 Bc6 16. Qc2 O-O-O 17. Nh4 e4 18. Rh3 Rd4 19. b3 Be7 20. Re1 f5 21. Nf3 Rd7
22. Bf4 Bf6 23. Ng5 Qe7 24. Rg3 Be5 25. Bxe5 Qxe5 26. Qc3 Qd4 27. Ne6 Qxf2 28.
Rxg7 Re8 29. Rxd7 Bxd7 30. Ng7 Re7 31. h6 Qf4+ 32. Qe3 Qe5 33. Bd3 f4 34. Qe2
Bc6 35. Bc2 Qg5 36. Qh5 Qg3 37. Rf1 Qc3 38. Qf5+ Kb7 39. Qxf4 e3 40. Nf5 Qa1+
41. Bb1 Be4 42. Nxe3 Qxb1+ 43. Kd2 Qd3+ 44. Kc1 Qc3+ 45. Kd1 Rd7+ 46. Nd5 Bxd5
47. cxd5 Rxd5+ 48. Ke2 Qc2+ 49. Ke3 Rd3+ 50. Ke4 Rd4+ 0-1